LEADER 02056nam 2200589 a 450 001 9910782589703321 005 20230617035038.0 010 $a1-281-98350-0 010 $a9786611983505 010 $a1-4416-1034-0 010 $a90-485-0968-8 035 $a(CKB)1000000000555726 035 $a(EBL)420102 035 $a(OCoLC)630532930 035 $a(SSID)ssj0000303023 035 $a(PQKBManifestationID)11262259 035 $a(PQKBTitleCode)TC0000303023 035 $a(PQKBWorkID)10275524 035 $a(PQKB)11395907 035 $a(MiAaPQ)EBC420102 035 $a(Au-PeEL)EBL420102 035 $a(CaPaEBR)ebr10302371 035 $a(CaONFJC)MIL198350 035 $a(EXLCZ)991000000000555726 100 $a20091001d2005 uy 0 101 0 $aeng 135 $aur|n|---||||| 181 $ctxt 182 $cc 183 $acr 200 10$aElements of a neurobiological theory of the hippocampus$b[electronic resource] $ethe role of activity-dependent synaptic plasticity in memory /$fR.G.M. Morris 210 $aAmsterdam $cAmsterdam University Press$d2005 215 $a1 online resource (41 p.) 300 $aDescription based upon print version of record. 311 $a90-5629-379-6 320 $aIncludes bibliographical references (p. 34-41). 327 $aContents; Summary; 1. The Hippocampal Formation and Memory; 2. Elements of a Neurobiological Theory of the Hippocampus and the Role of NMDA Receptor-Depenedent Synaptic Platicity; 3. Experimental observations; 4. Conclusion; 5. References 606 $aHippocampus (Brain) 606 $aNeural networks (Neurobiology) 606 $aMemory 615 0$aHippocampus (Brain) 615 0$aNeural networks (Neurobiology) 615 0$aMemory. 676 $a612.820113 700 $aMorris$b R. G. M$g(Richard G. M.)$01528719 801 0$bMiAaPQ 801 1$bMiAaPQ 801 2$bMiAaPQ 906 $aBOOK 912 $a9910782589703321 996 $aElements of a neurobiological theory of the hippocampus$93826810 997 $aUNINA LEADER 02771nam 2200385z- 450 001 9910433244303321 005 20210211 035 $a(CKB)4100000011743208 035 $a(oapen)https://directory.doabooks.org/handle/20.500.12854/51574 035 $a(oapen)doab51574 035 $a(EXLCZ)994100000011743208 100 $a20202102d2021 |y 0 101 0 $aeng 135 $aurmn|---annan 181 $ctxt$2rdacontent 182 $cc$2rdamedia 183 $acr$2rdacarrier 200 00$aLeniency Policies in the Prosecution of Economic Crimes and Corruption$eConsensual Justice and Search for Truth in Brazilian and German Law 210 $cNomos Verlagsgesellschaft mbH & Co. KG$d2021 215 $a1 online resource (345 p.) 225 1 $aSchriften zum Internationalen und Europäischen Strafrecht, 311 08$a3-8487-7849-1 311 08$a3-7489-2259-0 330 $aDie Arbeit beinhaltet eine kritische Untersuchung des Einsatzes der Kronzeugenregelung in Brasilien. Im Rahmen eines Rechtsvergleichs mit dem deutschen Recht sowie einer empirischen Analyse der brasilianischen Praxis wird gezeigt, wie der Gebrauch der Kronzeugenregelung grundlegende Garantien des brasilianischen Strafprozessrechts unterwandert. Unter Ru?ckgriff auf wirtschaftswissenschaftliche Literatur werden zudem ernstzunehmende, negative Externalita?ten festgestellt. Die Arbeit kommt zu dem Schluss, dass der Einsatz solcher Methoden einer Privatisierung des Ermittlungsverfahrens und der Strafverfolgung gleichkommt. Die Verknu?pfung der Kronzeugenregelung mit dem Ideal einer "konsensualen Justiz" wird abgelehnt. Abstract Based on empirical research, the book develops a critical analysis of the use of leniency policies in Brazil. Drawing on a comparative perspective with German Law, the book shows how the current practice of leniency policies in Brazil jeopardizes fundamental guarantees of criminal procedure. The book also draws on a growing body of economic literature to assert that leniency agreements have serious - albeit unnoticed - side effects and may lead to significant negative externalities. The book rejects the association of leniency policies with the ideal of "consensual justice" and affirms that these mechanisms represent a form of privatization of investigative and prosecutorial activities, exploring the expectations and risks of this process. 610 $aAnti-Trust-Law 610 $aCriminal Procedure 610 $aKartellrecht 610 $aKorruption 610 $aProcedural Law 610 $aStrafprozess 700 $aSchertel Mendes$b Francisco$4auth$0790385 906 $aBOOK 912 $a9910433244303321 996 $aLeniency policies in the prosecution of economic crimes and corruption$91764722 997 $aUNINA